| 000 | 00394cam a2200145ua 4500 | ||
|---|---|---|---|
| 041 |
_aeng _h |
||
| 082 |
_a821 _bGRA/OD |
||
| 100 | _aGray, Thomas . | ||
| 245 |
_aOde on the spring and elegy in a country churchyard / _cThomas Gray. _hTextual Documents |
||
| 260 |
_aLondon : _bCambridge at the University Press , _c1921. |
||
| 300 | _a67 ; . | ||
| 504 | _a | ||
| 942 | _cBK | ||
| 999 |
_c965 _d965 |
||